Cary Grant Movies Quiz Stats

 Plays Quiz Updated Feb 28, 2020

Support Sporcle.
Go Orange.
Score 0/72 Timer 15:00
2 Plays Today
Year Movie % Correct
1959North by Northwest
86.1%
1940The Philadelphia Story
73.8%
1938Bringing Up Baby
72.1%
1944Arsenic and Old Lace
67.9%
1963Charade
66.5%
1955To Catch a Thief
65.6%
1946Notorious
59.6%
1948Mr. Blandings Builds His Dream House
55.8%
1940His Girl Friday
55.7%
1964Father Goose
55.5%
1941Suspicion
52.5%
1957An Affair to Remember
52.3%
1959Operation Petticoat
49.8%
1939Gunga Din
43.8%
1958Houseboat
43%
1947The Bishop's Wife
42.8%
1966Walk Don't Run
42.4%
1938Holiday
42.1%
1949I Was a Male War Bride
41.5%
1952Monkey Business
40.4%
1933Alice in Wonderland
40.1%
1937The Awful Truth
39.5%
1941Penny Serenade
39.4%
1940My Favorite Wife
39.3%
1946Night and Day
39.2%
1947The Bachelor and the Bobby-Soxer
38.8%
1937Topper
38.2%
1962That Touch of Mink
37.8%
1933She Done Him Wrong
36.9%
1939Only Angels Have Wings
34.2%
1958Indiscreet
33.4%
1942The Talk of the Town
32.6%
1951People Will Talk
32.5%
1960The Grass Is Greener
30.3%
1935Sylvia Scarlett
29.4%
1943Destination Tokyo
29.1%
Year Movie % Correct
1944None But the Lonely Heart
26.9%
1943Mr. Lucky
26.7%
1948Every Girl Should Be Married
25.9%
1933I'm No Angel
24.9%
1957The Pride and the Passion
24.4%
1952Room for One More
23.4%
1957Kiss Them for Me
23.3%
1942Once Upon a Honeymoon
23.1%
1953Dream Wife
23.1%
1940The Howards of Virginia
22.9%
1950Crisis
22.9%
1936The Amazing Quest of Ernest Bliss
22.3%
1939In Name Only
22.2%
1932Blonde Venus
22%
1936Suzy
21.4%
1932Madame Butterfly
21%
1944Once Upon a Time
20.8%
1937The Toast of New York
19.6%
1936Wedding Present
19.5%
1932This Is the Night
19.4%
1936Big Brown Eyes
19.3%
1932Hot Saturday
19.2%
1932Merrily We Go to Hell
18.6%
1935Wings in the Dark
17.8%
1934Born to Be Bad
17.8%
1934Kiss and Make-Up
17.6%
1932Sinners in the Sun
17.6%
1935The Last Outpost
17.6%
1932Devil and the Deep
17.4%
1934Thirty Day Princess
17.2%
1937When You're in Love
17.1%
1933The Eagle and the Hawk
17.1%
1935Enter Madame
16.9%
1934Ladies Should Listen
16.6%
1933Gambling Ship
16.4%
1933The Woman Accused
15.4%

From the Vault

One-Minute Crossword XXVI

by Qaqaq

Language 60s
If you only have a minute, it's your lucky day!
Remove Ads.
Support Sporcle.
Get the best of Sporcle when you Go Orange. This ad-free experience offers more features, more stats, and more fun while also helping to support Sporcle. Thank you for becoming a member.

Show Comments

Extras

Top Quizzes Today


Score Distribution

Your Account Isn't Verified!

In order to create a playlist on Sporcle, you need to verify the email address you used during registration. Go to your Sporcle Settings to finish the process.

Report this User

Report this user for behavior that violates our Community Guidelines.

Details: